000 00956na a2200301 4500
001 15790
003 MIRAKIL
005 20181213154833.0
008 160929b tu 000 0
020 _a9786054307753
035 _a15790
040 _aMilas
_btur
_cTR-AnCHP
082 _a956.22649
_bÖ47b 2010
090 _a956.22649 Ö47b 2010
100 _aÖktem, Altay
222 _aBağlarbaşı
245 _aAnadolu Yakasının sıfır noktası
_bBağlarbaşı
_cAltay Öktem ; editör Rozerin Doğan
246 _aBağlarbaşı
260 _aİstanbul
_bHeyamola yayınları
_c2010
300 _a110 s.
_bres.
_c20 sm.
490 _aHeyamola Yayınları
_v175
651 _aBağlarbaşı (Anadolu Yakası, İstanbul)
_xKültür
_yTarih
651 _aBağlarbaşı (İstanbul)
_xGezi ve tanıtım
651 _aİstanbul
_xKültür
_yTarih
651 _aİstanbul
_xTarih
_yGezi ve tanıtım
700 _aDoğan, Rozerin
942 _2ddc
_cBKS
999 _c1748
_d1748